[Event "NAYCC U14"]
[Site "Windsor CAN"]
[Date "2016.08.10"]
[Round "6.59"]
[White "Doknjas, Joshua"]
[Black "Cai, Jason"]
[Result "1/2-1/2"]
[WhiteElo "2137"]
[BlackElo "1997"]
[PlyCount "75"]
[EventDate "2016.08.07"]
[EventType "swiss"]
[EventRounds "9"]
[EventCountry "CAN"]

1. e4 e6 2. d4 d5 3. Nc3 Bb4 4. exd5 exd5 5. Bd3 Nc6 6. a3 Bxc3+ 7. bxc3 Nge7
8. Qh5 Be6 9. Rb1 b6 10. Nf3 Qd7 11. Ng5 O-O-O 12. O-O g6 13. Qe2 Nf5 14. Nxe6
fxe6 15. a4 Nd6 16. Ba3 Na5 17. Bb4 Nac4 18. a5 b5 19. Bxd6 cxd6 20. a6 Rhe8
21. Rb4 Kc7 22. Bxc4 dxc4 23. Qd1 Rb8 24. Qa1 Rb6 25. Qa3 Qc6 26. Ra1 Rf8 27.
Rbb1 Rf5 28. f3 h5 29. Re1 Kd7 30. Qc1 g5 31. Qe3 Qd5 32. h3 Rb8 33. Rab1 Rf4
34. Rb2 Rb6 35. Ra2 Qf5 36. Qe2 Qd5 37. Qe3 Qf5 38. Qe2 1/2-1/2

[Event "NAYCC U14"]
[Site "Windsor CAN"]
[Date "2016.08.10"]
[Round "6.61"]
[White "Yaskolko, Maxim"]
[Black "Hua, Eugene"]
[Result "0-1"]
[WhiteElo "2014"]
[BlackElo "2140"]
[PlyCount "96"]
[EventDate "2016.08.07"]
[EventType "swiss"]
[EventRounds "9"]
[EventCountry "CAN"]

1. e4 c5 2. Nf3 e6 3. d4 cxd4 4. Nxd4 Nc6 5. Be3 Nf6 6. Nc3 Qc7 7. Bd3 a6 8.
O-O d6 9. Qe2 Be7 10. f4 Nxd4 11. Bxd4 e5 12. Be3 Bg4 13. Qf2 Be6 14. h3 exf4
15. Bxf4 O-O 16. Rad1 Qc6 17. Kh1 b5 18. Qf3 h6 19. Ne2 Qc5 20. Be3 Qh5 21. Qg3
Nd7 22. Nd4 Qe5 23. Qf2 Rac8 24. Nf5 Bxf5 25. Bd4 Qe6 26. exf5 Qxa2 27. b3 Qa3
28. f6 Bxf6 29. Bxf6 Nxf6 30. Qg3 Nh5 31. Qg4 Rc5 32. Kh2 Qb2 33. Rde1 Re5 34.
Rb1 Qc3 35. Rf3 Qc7 36. Rbf1 Rg5 37. Qe6 d5+ 38. Kg1 Qc5+ 39. Qe3 Qc6 40. h4
Rg4 41. Qe5 Rxh4 42. Rxf7 Qc5+ 43. R7f2 Rhf4 44. Qe2 Kh8 45. Bg6 Ng3 46. Qe7
Qxe7 47. Rxf4 Ne2+ 48. Kh2 Nxf4 0-1

[Event "NAYCC U14"]
[Site "Windsor CAN"]
[Date "2016.08.10"]
[Round "6.62"]
[White "Liu, Aristo"]
[Black "Nakada, Akira"]
[Result "0-1"]
[WhiteElo "1914"]
[BlackElo "1904"]
[PlyCount "70"]
[EventDate "2016.08.07"]
[EventType "swiss"]
[EventRounds "9"]
[EventCountry "CAN"]

1. e4 e6 2. d4 d5 3. exd5 exd5 4. Nf3 Bd6 5. c4 Nf6 6. Nc3 O-O 7. c5 Be7 8. Bd3
b6 9. cxb6 axb6 10. O-O Bg4 11. Be3 c5 12. Be2 Nc6 13. h3 Bh5 14. g4 Bg6 15.
Bb5 Na7 16. Ba6 Rb8 17. Bf4 Bd6 18. Bg5 Be7 19. Ne5 Be4 20. Nb5 Nxb5 21. Bxb5
Qc7 22. Rc1 Nxg4 23. Qxg4 Bxg5 24. Qxg5 f6 25. Qg4 fxe5 26. Qe6+ Kh8 27. Qxe5
Qd8 28. Rc3 Rf5 29. Qe6 Qc7 30. Re1 Rbf8 31. Re2 Qf4 32. Kf1 cxd4 33. Rc8 d3
34. Rd2 Qxd2 35. Qxf5 Qd1# 0-1

[Event "NAYCC U14"]
[Site "Windsor CAN"]
[Date "2016.08.10"]
[Round "6.63"]
[White "Chen, Jacob"]
[Black "Pulfer, Luke"]
[Result "1/2-1/2"]
[WhiteElo "2011"]
[BlackElo "1868"]
[PlyCount "60"]
[EventDate "2016.08.07"]
[EventType "swiss"]
[EventRounds "9"]
[EventCountry "CAN"]

1. e4 e5 2. Nf3 Nc6 3. c3 d5 4. Qa4 Qd6 5. Na3 Nf6 6. exd5 Qxd5 7. Nb5 Bd6 8.
Be2 O-O 9. Nxd6 cxd6 10. O-O Bd7 11. Qb3 Qxb3 12. axb3 e4 13. Ne1 d5 14. f3
Rfe8 15. fxe4 dxe4 16. d3 exd3 17. Bxd3 Ne5 18. Bc2 Bc6 19. h3 a6 20. Bf4 Nd5
21. Rd1 Ng6 22. Bxg6 hxg6 23. Rf2 Nxf4 24. Rxf4 Re2 25. Rf2 Rae8 26. Kf1 Rxf2+
27. Kxf2 f6 28. h4 Kf7 29. Nf3 Bxf3 30. Kxf3 Re7 1/2-1/2

[Event "NAYCC U14"]
[Site "Windsor CAN"]
[Date "2016.08.10"]
[Round "6.64"]
[White "Liang, Hairan"]
[Black "Ling, Evan"]
[Result "0-1"]
[WhiteElo "2002"]
[BlackElo "1775"]
[PlyCount "68"]
[EventDate "2016.08.07"]
[EventType "swiss"]
[EventRounds "9"]
[EventCountry "CAN"]

1. e4 c5 2. Nf3 e6 3. c4 Nc6 4. Nc3 Nd4 5. g3 Ne7 6. Bg2 Nec6 7. O-O Be7 8. Ne1
O-O 9. f4 d6 10. d3 Rb8 11. Be3 Bd7 12. Qd2 Qc7 13. Qf2 b5 14. Rd1 Qb6 15. b3
b4 16. Ne2 Bf6 17. g4 a5 18. g5 Nxe2+ 19. Qxe2 Bd4 20. Bxd4 Nxd4 21. Qh5 a4 22.
f5 exf5 23. Bh3 f6 24. exf5 Rbe8 25. g6 h6 26. bxa4 Bc6 27. Bg2 Re2 28. Rf2
Rfe8 29. Be4 Rxf2 30. Kxf2 Bxe4 31. dxe4 Rxe4 32. Ng2 Qc6 33. Rd2 Re5 34. Ne3
Qe4 0-1

[Event "NAYCC U14"]
[Site "Windsor CAN"]
[Date "2016.08.10"]
[Round "6.65"]
[White "Liu, Daniel"]
[Black "Bu, Kevin"]
[Result "1-0"]
[WhiteElo "1609"]
[BlackElo "1948"]
[PlyCount "97"]
[EventDate "2016.08.07"]
[EventType "swiss"]
[EventRounds "9"]
[EventCountry "CAN"]

1. e4 Nf6 2. Nc3 e5 3. g3 Nc6 4. Bg2 d6 5. d3 g6 6. h3 Bg7 7. Nge2 Be6 8. Bg5
h6 9. Bxf6 Bxf6 10. O-O Qd7 11. Kh2 Bg7 12. Nd5 Ne7 13. d4 c6 14. Nxe7 Qxe7 15.
Qd3 O-O 16. f4 f5 17. Rae1 Rfd8 18. b3 Rac8 19. Qe3 exd4 20. Nxd4 Bxd4 21. Qxd4
c5 22. Qd2 Qg7 23. exf5 Bxf5 24. g4 Bd7 25. Bxb7 Rb8 26. Rf2 Be8 27. Bd5+ Kh8
28. Rfe2 Bf7 29. Re7 Rf8 30. Rxa7 Rb4 31. c3 Rxf4 32. Qxf4 Bxd5 33. Ree7 Rxf4
34. Rxg7 Rf2+ 35. Kg1 Rg2+ 36. Kf1 Rxa2 37. Rh7+ Kg8 38. Rxa2 Kxh7 39. c4 Be4
40. Rd2 h5 41. Rxd6 hxg4 42. hxg4 Kh6 43. Kf2 Kg5 44. Kg3 Bc2 45. Rb6 Bd1 46.
Rb5 Kf6 47. Rxc5 Bxb3 48. Rc6+ Kg5 49. c5 1-0

[Event "NAYCC U14"]
[Site "Windsor CAN"]
[Date "2016.08.10"]
[Round "6.66"]
[White "Pan, David"]
[Black "Gaisinsky, Adam"]
[Result "1/2-1/2"]
[WhiteElo "1854"]
[BlackElo "1721"]
[PlyCount "93"]
[EventDate "2016.08.07"]
[EventType "swiss"]
[EventRounds "9"]
[EventCountry "CAN"]

1. e4 e5 2. Nf3 Nc6 3. Bc4 Nf6 4. d3 Bc5 5. c3 O-O 6. b4 Bb6 7. O-O d6 8. a4 a5
9. b5 Ne7 10. Be3 c6 11. bxc6 bxc6 12. Bxb6 Qxb6 13. Nbd2 Ng6 14. Rb1 Qc7 15.
Qb3 Bg4 16. h3 Rab8 17. Qa2 Bxf3 18. Nxf3 Qd7 19. Rxb8 Rxb8 20. Rb1 Rxb1+ 21.
Qxb1 Qc7 22. Qb3 h6 23. Nd2 Nf4 24. Qc2 d5 25. Ba2 Qb8 26. Nf1 Qb6 27. Ne3 Qa6
28. exd5 cxd5 29. c4 d4 30. Ng4 Nxg4 31. hxg4 Qc6 32. f3 Ne6 33. Qb3 Qc7 34. c5
Qxc5 35. Qb8+ Kh7 36. Qe8 Qc1+ 37. Kh2 Qf4+ 38. Kg1 Qc1+ 39. Kh2 Qc2 40. Bd5
Nf4 41. Be4+ g6 42. Qxf7+ Kh8 43. Qf6+ Kg8 44. Qd8+ Kg7 45. Qe7+ Kg8 46. Qe8+
Kh7 47. Qf7+ 1/2-1/2

[Event "NAYCC U14"]
[Site "Windsor CAN"]
[Date "2016.08.10"]
[Round "6.67"]
[White "Uthayakumar, Ronan"]
[Black "Liu, Kevin"]
[Result "0-1"]
[WhiteElo "1541"]
[BlackElo "1802"]
[PlyCount "90"]
[EventDate "2016.08.07"]
[EventType "swiss"]
[EventRounds "9"]
[EventCountry "CAN"]

1. e4 c5 2. Nf3 e6 3. d4 cxd4 4. Nxd4 a6 5. Nc3 Nc6 6. Be2 Nf6 7. O-O Bb4 8.
Nxc6 bxc6 9. e5 Nd5 10. Bd2 Nxc3 11. bxc3 Bc5 12. Kh1 O-O 13. Bd3 Qh4 14. f4 f5
15. exf6 Rxf6 16. Rf3 Rh6 17. Rh3 Qf6 18. Rxh6 Qxh6 19. f5 Qh4 20. fxe6 Bd6 21.
Qg1 dxe6 22. g3 Qh5 23. Qg2 Bd7 24. Be4 Rf8 25. Bxc6 Bxc6 26. Qxc6 Rf2 27. h4
Rxd2 28. Qc8+ Bf8 29. Qxe6+ Qf7 30. Qxf7+ Kxf7 31. Rb1 Rxc2 32. a4 Rxc3 33.
Rb7+ Be7 34. Ra7 Rxg3 35. Rxa6 Rh3+ 36. Kg2 Rxh4 37. Ra7 Re4 38. a5 Ra4 39. a6
Ke6 40. Kf3 Kd6 41. Ra8 h6 42. a7 Bf6 43. Kg2 Kc7 44. Rf8 Rxa7 45. Rf7+ Kb6 0-1

[Event "NAYCC U14"]
[Site "Windsor CAN"]
[Date "2016.08.10"]
[Round "6.68"]
[White "Rama, Vikas"]
[Black "Chin, Jonathan"]
[Result "1/2-1/2"]
[WhiteElo "1627"]
[BlackElo "1985"]
[PlyCount "132"]
[EventDate "2016.08.07"]
[EventType "swiss"]
[EventRounds "9"]
[EventCountry "CAN"]

1. c4 e6 2. Nc3 d5 3. cxd5 exd5 4. d4 Nf6 5. g3 c6 6. Bg2 Bd6 7. Nf3 O-O 8. O-O
Bf5 9. Nh4 Be6 10. Re1 Nbd7 11. e4 dxe4 12. Nxe4 Nxe4 13. Bxe4 Nf6 14. Bg5 Be7
15. Bf5 Bc8 16. Bxc8 Rxc8 17. Nf5 Bb4 18. Re4 Qd7 19. Nh6+ Kh8 20. Bxf6 gxf6
21. a3 Bd6 22. Qh5 f5 23. Qxf5 Qxf5 24. Nxf5 Rcd8 25. Nxd6 Rxd6 26. Rae1 Rd7
27. Re7 Rfd8 28. Kg2 Kg7 29. Kf3 Kf6 30. Rxd7 Rxd7 31. Re4 Rd5 32. h4 Rb5 33.
Re2 Rb3+ 34. Kf4 a5 35. f3 Rb5 36. g4 a4 37. g5+ Kg6 38. Kg4 Rd5 39. h5+ Kg7
40. f4 Kf8 41. Rd2 c5 42. Kf3 cxd4 43. Ke4 Rb5 44. Rxd4 Rxb2 45. Rxa4 Re2+ 46.
Kf5 Re8 47. Ra7 Rb8 48. Kf6 Kg8 49. g6 fxg6 50. hxg6 hxg6 51. Kxg6 Kf8 52. f5
Kg8 53. f6 Kf8 54. Ra5 b5 55. Ra7 Kg8 56. Rh7 Rb6 57. Rc7 Rb8 58. Rc6 Kf8 59.
f7 Ra8 60. Kf6 b4 61. axb4 Ra6 62. Re6 Rb6 63. b5 Rc6 64. Ke5 Rc5+ 65. Kd6 Rxb5
66. Re8+ Kxf7 1/2-1/2

[Event "NAYCC U14"]
[Site "Windsor CAN"]
[Date "2016.08.10"]
[Round "6.70"]
[White "Padmanabhan, Karthik"]
[Black "Singireddy, Sathvik"]
[Result "1-0"]
[WhiteElo "1818"]
[BlackElo "1530"]
[PlyCount "100"]
[EventDate "2016.08.07"]
[EventType "swiss"]
[EventRounds "9"]
[EventCountry "CAN"]

1. e4 c5 2. d4 cxd4 3. c3 dxc3 4. Nxc3 Nc6 5. Nf3 d6 6. Bc4 e6 7. O-O a6 8. Qe2
Be7 9. Rd1 Na5 10. Bf4 Nxc4 11. Qxc4 Nf6 12. Rd2 O-O 13. Rad1 Ne8 14. Qb3 Qa5
15. Be3 b5 16. a3 Bb7 17. Nd4 Nc7 18. f4 d5 19. e5 Bc5 20. Kh1 Bxd4 21. Bxd4
Rac8 22. Rd3 Na8 23. Rh3 Rc4 24. Qc2 g6 25. Qf2 Qd8 26. Bc5 Re8 27. b3 Rxc3 28.
Rxc3 Qd7 29. Qd4 Rc8 30. Rdc1 Rd8 31. b4 Kg7 32. Bd6 Qe8 33. Bc5 Qd7 34. Rh3
Rh8 35. f5 Nc7 36. f6+ Kg8 37. Qf4 h5 38. Bd4 Ne8 39. g4 h4 40. g5 Ba8 41. Rxh4
Qd8 42. Rxh8+ Kxh8 43. Rc3 Nc7 44. Qh4+ Kg8 45. Rh3 Qxf6 46. Qh7+ Kf8 47. gxf6
g5 48. Qg7+ Ke8 49. Rh8+ Kd7 50. Qxf7+ Kc6 1-0

[Event "NAYCC U14"]
[Site "Windsor CAN"]
[Date "2016.08.10"]
[Round "6.71"]
[White "Le, Collin"]
[Black "Surya, Benito"]
[Result "0-1"]
[WhiteElo "1540"]
[BlackElo "1814"]
[PlyCount "86"]
[EventDate "2016.08.07"]
[EventType "swiss"]
[EventRounds "9"]
[EventCountry "CAN"]

1. e4 d5 2. exd5 Qxd5 3. Nc3 Qa5 4. d4 Nf6 5. Nf3 Bg4 6. h3 Bh5 7. Bd2 c6 8.
Ne2 Qd8 9. g4 Bg6 10. Ne5 Nbd7 11. Nxg6 hxg6 12. Ng3 Nb6 13. c3 Qd5 14. Rg1
O-O-O 15. Qc2 e5 16. Bg2 Qe6 17. dxe5 Qxe5+ 18. Ne4 Nxe4 19. Bxe4 f5 20. gxf5
gxf5 21. Rg5 Qxe4+ 22. Qxe4 fxe4 23. O-O-O Rxh3 24. Re1 Rhd3 25. Bf4 Nd5 26.
Be5 e3 27. fxe3 Nxe3 28. Bd4 Nc4 29. Rg2 c5 30. Bg1 Bd6 31. Kc2 Bf4 32. Kb3
Nd2+ 33. Ka3 Nc4+ 34. Kb3 Nd2+ 35. Ka3 g5 36. Bxc5 b6 37. Be7 Rg8 38. Re6 Kd7
39. Rf6 Kxe7 40. Rxf4 gxf4 41. Rxg8 f3 42. Rg3 f2 43. Rxd3 Nb1+ 0-1

[Event "NAYCC U14"]
[Site "Windsor CAN"]
[Date "2016.08.10"]
[Round "6.72"]
[White "Atanasov, David"]
[Black "Yie, Kevin"]
[Result "1-0"]
[WhiteElo "1518"]
[BlackElo "1760"]
[PlyCount "67"]
[EventDate "2016.08.07"]
[EventType "swiss"]
[EventRounds "9"]
[EventCountry "CAN"]

1. d4 d5 2. c4 c6 3. e3 Nf6 4. Nc3 e6 5. Nf3 Be7 6. Bd3 dxc4 7. Bxc4 b5 8. Bd3
Bb7 9. O-O a6 10. Qc2 Nbd7 11. Ne4 Nd5 12. a3 b4 13. Nc5 Nxc5 14. dxc5 bxa3 15.
bxa3 Qc7 16. Bb2 f6 17. Bxh7 O-O-O 18. Nd4 Kd7 19. h3 Rdf8 20. Qe4 Qe5 21. Qc2
Qg5 22. f4 Nxe3 23. fxg5 Nxc2 24. Bxc2 Bxc5 25. Kh1 fxg5 26. Rfd1 Ke7 27. Nb3
Bb6 28. Bxg7 Rxh3+ 29. gxh3 c5+ 30. Kg1 c4+ 31. Nd4 Rf7 32. Be5 Bd5 33. Rf1
Rxf1+ 34. Rxf1 1-0

[Event "NAYCC U14"]
[Site "Windsor CAN"]
[Date "2016.08.10"]
[Round "6.73"]
[White "Feng, Richard"]
[Black "Zhang, Zhehai"]
[Result "1/2-1/2"]
[WhiteElo "1679"]
[BlackElo "1678"]
[PlyCount "189"]
[EventDate "2016.08.07"]
[EventType "swiss"]
[EventRounds "9"]
[EventCountry "CAN"]

1. e4 c5 2. Nc3 e6 3. f4 d5 4. Nf3 Nc6 5. Bb5 Nge7 6. exd5 Nxd5 7. Ne5 Bd7 8.
Bxc6 Bxc6 9. Nxc6 bxc6 10. O-O Be7 11. f5 exf5 12. Rxf5 O-O 13. d3 Nxc3 14.
bxc3 Bf6 15. Bd2 Re8 16. Qg4 Re5 17. Raf1 Rxf5 18. Qxf5 Qd6 19. Be3 Qe5 20.
Qxe5 Bxe5 21. Bxc5 Bxc3 22. Rb1 h6 23. Rb3 Bd2 24. Rb7 a5 25. Rc7 Ra6 26. a4
Bb4 27. Bd4 Bd6 28. Rd7 Ba3 29. Rc7 Bd6 30. Rd7 Ba3 31. Rc7 Bd6 32. Rc8+ Kh7
33. c4 Bb4 34. Kf2 Kg6 35. Rg8 f6 36. g4 c5 37. Be3 Rd6 38. Ke2 Rc6 39. h4 Kf7
40. Rd8 g5 41. h5 Kg7 42. Rd7+ Kg8 43. Rd8+ Kg7 44. Rd7+ Kg8 45. Kf3 Re6 46.
Rd5 Rc6 47. Rd8+ Kg7 48. Rd7+ Kg8 49. Rd5 Rc7 50. Rd8+ Kg7 51. Rd5 Kf7 52. Rf5
Rd7 53. Rd5 Rc7 54. Kf2 Kg7 55. Kf3 Kf7 56. Bf2 Kg7 57. Be3 Kf7 58. Bf2 Kg7 59.
Be3 Kf7 60. Bf2 Kg7 61. Bg1 Kf7 62. Bf2 Kg7 63. Ke4 Kf7 64. Kf5 Ba3 65. Rd6 Bb2
66. Rd5 Ba3 67. Be1 Bb4 68. Bf2 Ba3 69. Rd6 Bb2 70. Rd5 Ba3 71. Be1 Bb4 72. Bf2
Ba3 73. Ke4 Re7+ 74. Kf3 Rc7 75. Ke4 Re7+ 76. Kf3 Rc7 77. Rd6 Bb4 78. Ke4 Re7+
79. Kd5 Re2 80. Bg1 Rg2 81. Bxc5 Bxc5 82. Kxc5 Rxg4 83. Kd5 Rh4 84. c5 g4 85.
c6 Rxh5+ 86. Kc4 g3 87. c7 Rh1 88. Kd5 Rc1 89. Rd7+ Kg6 90. Kd6 g2 91. Rd8 Kf7
92. Rd7+ Kg6 93. Rd8 Kf7 94. Rd7+ Kg6 95. Rd8 1/2-1/2

[Event "NAYCC U14"]
[Site "Windsor CAN"]
[Date "2016.08.10"]
[Round "6.74"]
[White "Baker, Vincent"]
[Black "Guan, Zi Yu"]
[Result "1-0"]
[WhiteElo "1994"]
[BlackElo "1513"]
[PlyCount "109"]
[EventDate "2016.08.07"]
[EventType "swiss"]
[EventRounds "9"]
[EventCountry "CAN"]

1. e4 c5 2. Nf3 d6 3. d4 cxd4 4. Nxd4 Nf6 5. Nc3 e5 6. Nb3 a6 7. Be2 Be7 8. O-O
Be6 9. f4 Qc7 10. Be3 O-O 11. f5 Bc4 12. g4 Nfd7 13. g5 f6 14. Bxc4+ Qxc4 15.
Na5 Qc8 16. Qd5+ Kh8 17. Nxb7 fxg5 18. Na5 Qc7 19. Qxa8 Qxa5 20. Qd5 Nc5 21. a3
Qc7 22. b4 Ncd7 23. Qd3 Nc6 24. Nd5 Qd8 25. Qxa6 Nd4 26. Qd3 Bf6 27. c3 Nc6 28.
b5 Na5 29. b6 Nc5 30. Bxc5 dxc5 31. Qb5 Nb7 32. Rfd1 Nd6 33. Qd3 c4 34. Qe3 g4
35. Nxf6 Rxf6 36. Ra2 Qb8 37. Rad2 h6 38. Rd5 Kh7 39. Rxe5 Nf7 40. Re6 Ne5 41.
Rxf6 Nf3+ 42. Kf1 Qxh2 43. Rg6 Qh1+ 44. Ke2 Qg2+ 45. Qf2 Ng1+ 46. Rxg1 Qxe4+
47. Qe3 Qc2+ 48. Kf1 Qxf5+ 49. Kg2 Qxg6 50. Re1 Qd6 51. b7 Qxa3 52. Qe4+ g6 53.
Qe7+ Qxe7 54. Rxe7+ Kg8 55. b8=R# 1-0

[Event "NAYCC U14"]
[Site "Windsor CAN"]
[Date "2016.08.10"]
[Round "6.75"]
[White "Dill, James"]
[Black "Wilson, Kameron"]
[Result "1-0"]
[WhiteElo "1870"]
[BlackElo "1439"]
[PlyCount "135"]
[EventDate "2016.08.07"]
[EventType "swiss"]
[EventRounds "9"]
[EventCountry "CAN"]

1. e4 e6 2. d4 d5 3. e5 c5 4. c3 Nc6 5. Nf3 Qb6 6. a3 Bd7 7. b4 cxd4 8. cxd4 f6
9. Bb2 fxe5 10. dxe5 Nh6 11. Nc3 Nf7 12. Rc1 a6 13. Na4 Qd8 14. Bd3 Be7 15. O-O
Bg5 16. Nxg5 Qxg5 17. f4 Qe7 18. Nb6 Rb8 19. Qe2 Qd8 20. Nxd7 Qxd7 21. Qc2 g6
22. Qc5 Qe7 23. Bxa6 Qxc5+ 24. Rxc5 Nfd8 25. Bb5 Rf8 26. g4 Kd7 27. f5 gxf5 28.
gxf5 Kc7 29. fxe6 Rxf1+ 30. Kxf1 Nxe6 31. Rxd5 Rf8+ 32. Ke1 Nf4 33. Bxc6 bxc6
34. Rd6 Rg8 35. Bd4 Rg2 36. Rf6 Nd5 37. Rf7+ Kd8 38. Rxh7 Rg4 39. Rh8+ Kd7 40.
Rh7+ Ke6 41. Rh6+ Kf5 42. Bb2 Ke4 43. Rxc6 Rg2 44. Rc4+ Kd3 45. Rd4+ Ke3 46.
Kf1 Rxh2 47. Rxd5 Rxb2 48. e6 Rh2 49. Re5+ Kf3 50. Ke1 Rh8 51. e7 Re8 52. b5
Kf4 53. Re2 Kf5 54. b6 Kf6 55. b7 Rxe7 56. Rxe7 Kxe7 57. b8=Q Kf6 58. Qb5 Kg7
59. Qc6 Kf7 60. Qd6 Kg7 61. Qe6 Kh8 62. Qe7 Kg8 63. Kf2 Kh8 64. Kf3 Kg8 65. Kf4
Kh8 66. Kg5 Kg8 67. Kg6 Kh8 68. Qe8# 1-0

[Event "NAYCC U14"]
[Site "Windsor CAN"]
[Date "2016.08.10"]
[Round "6.76"]
[White "Gaur, Shivan"]
[Black "Li, Eric M"]
[Result "0-1"]
[WhiteElo "1294"]
[BlackElo "1658"]
[PlyCount "128"]
[EventDate "2016.08.07"]
[EventType "swiss"]
[EventRounds "9"]
[EventCountry "CAN"]

1. d4 Nf6 2. c4 g6 3. g3 Bg7 4. Bg2 d5 5. cxd5 Nxd5 6. Nf3 O-O 7. O-O Na6 8.
Nc3 Nxc3 9. bxc3 c5 10. e3 Qc7 11. h3 Bf5 12. Nh4 Bd7 13. Rb1 Rab8 14. Ba3 Rfd8
15. Bb2 e6 16. Qd2 Bc6 17. Rfd1 Ba4 18. Rdc1 Rd7 19. Qe2 Bc6 20. a3 Rbd8 21.
Rd1 e5 22. dxe5 Bxe5 23. Rxd7 Qxd7 24. Nf3 Bg7 25. Kh2 Nc7 26. Rc1 b6 27. h4
Ne8 28. Bh3 Qd5 29. Bg2 Qd6 30. Qf1 Nc7 31. Qe2 Nb5 32. Qe1 h5 33. Kg1 Bxf3 34.
Bxf3 Qd2 35. Qxd2 Rxd2 36. Ba1 Nxa3 37. Rd1 Nc4 38. Rxd2 Nxd2 39. Bh1 Nb1 40.
Kf1 Kf8 41. Ke2 Bxc3 42. Bxc3 Nxc3+ 43. Kd3 Nb5 44. Kc4 Nc7 45. e4 Ke7 46. f4
Kd6 47. e5+ Ke6 48. Bg2 Kd7 49. Bf3 Kc8 50. g4 hxg4 51. Bxg4+ Kd8 52. h5 gxh5
53. Bxh5 Ke7 54. Bg4 f6 55. Kb3 fxe5 56. fxe5 b5 57. Kc3 a5 58. Kb3 Nd5 59. Be2
c4+ 60. Ka3 Ke6 61. Bxc4 bxc4 62. Ka4 Nb6+ 63. Kxa5 c3 64. Kb4 c2 0-1

[Event "NAYCC U14"]
[Site "Windsor CAN"]
[Date "2016.08.10"]
[Round "6.77"]
[White "Titus, Joshua"]
[Black "Mathews, Joshua"]
[Result "1/2-1/2"]
[WhiteElo "1155"]
[BlackElo "1446"]
[PlyCount "82"]
[EventDate "2016.08.07"]
[EventType "swiss"]
[EventRounds "9"]
[EventCountry "CAN"]

1. d4 Nf6 2. c4 g6 3. Nc3 d6 4. Nf3 Bg7 5. Bg5 O-O 6. e3 Bg4 7. Be2 Nbd7 8. O-O
e5 9. h3 Bxf3 10. Bxf3 c6 11. e4 exd4 12. Qxd4 Nxe4 13. Qxg7+ Kxg7 14. Bxd8
Nxc3 15. bxc3 Rfxd8 16. Rfd1 Ne5 17. Rd4 Nxf3+ 18. gxf3 Rd7 19. Rad1 Rad8 20.
c5 d5 21. a4 Re8 22. Kf1 Re5 23. c4 b6 24. cxb6 axb6 25. f4 Rf5 26. Rb1 Rb7 27.
cxd5 Rxd5 28. Rxd5 cxd5 29. a5 b5 30. a6 Ra7 31. Rxb5 Rxa6 32. Rxd5 Rf6 33. Rd4
Rf5 34. Kg2 Kh6 35. Re4 f6 36. h4 Kh5 37. Kg3 Ra5 38. Re1 Ra3+ 39. f3 f5 40.
Rd1 h6 41. Rh1 Rd3 1/2-1/2

[Event "NAYCC U14"]
[Site "Windsor CAN"]
[Date "2016.08.10"]
[Round "6.78"]
[White "Tamayo, Santiago"]
[Black "Li, Yang"]
[Result "1-0"]
[WhiteElo "1386"]
[BlackElo "1119"]
[PlyCount "85"]
[EventDate "2016.08.07"]
[EventType "swiss"]
[EventRounds "9"]
[EventCountry "CAN"]

1. d4 d5 2. c4 Nf6 3. cxd5 Qxd5 4. Nc3 Qd8 5. e4 e6 6. Bg5 Be7 7. Nf3 h6 8. Bh4
O-O 9. Bd3 Nc6 10. e5 Nd5 11. Bxe7 Qxe7 12. Nxd5 exd5 13. O-O Nb4 14. Be2 Bf5
15. a3 Nc6 16. Rc1 a6 17. Qb3 Bc8 18. Qxd5 Rd8 19. Qc4 Be6 20. Qc3 f6 21. Rfe1
Rd7 22. Bc4 Bxc4 23. Qxc4+ Qf7 24. e6 Qf8 25. exd7+ Kh7 26. Qe6 Rd8 27. Qe8 Qd6
28. Qe4+ Kh8 29. Nh4 Qxd7 30. Ng6+ Kg8 31. Ne7+ Nxe7 32. Qxe7 Qxd4 33. Qxc7 b5
34. Qc3 Qxc3 35. Rxc3 Rd2 36. b4 Rd6 37. g3 Kh7 38. Re7 Rd8 39. Rc6 Ra8 40.
Ree6 a5 41. Ra6 axb4 42. Rxa8 b3 43. Rb6 1-0

[Event "NAYCC U14"]
[Site "Windsor CAN"]
[Date "2016.08.10"]
[Round "6.79"]
[White "Cui, Kevin"]
[Black "Jeyakumar, Yathushan"]
[Result "1-0"]
[WhiteElo "1204"]
[BlackElo "1216"]
[PlyCount "119"]
[EventDate "2016.08.07"]
[EventType "swiss"]
[EventRounds "9"]
[EventCountry "CAN"]

1. e4 c5 2. Nf3 e6 3. d4 cxd4 4. Nxd4 Nc6 5. Nb3 Qc7 6. Be2 Nf6 7. Bd3 Be7 8.
Nc3 a6 9. Bd2 b5 10. a3 Bb7 11. O-O O-O 12. Re1 Ne5 13. Be3 Neg4 14. g3 Nxe3
15. Rxe3 Rad8 16. e5 Qc6 17. Be4 Nxe4 18. Nxe4 d5 19. Ned2 d4 20. Rf3 Ba8 21.
Rc1 Qc7 22. Rd3 Qxe5 23. Nf3 Bxf3 24. Qxf3 Qf6 25. Qe4 e5 26. Re1 Bd6 27. Na5
Rfe8 28. Nb7 Rc8 29. Nxd6 Qxd6 30. c3 Rc4 31. cxd4 Rxd4 32. Qxd4 Qxd4 33. Rxd4
f6 34. Rd6 Ra8 35. Rc1 Ra7 36. Rcc6 a5 37. Ra6 Rc7 38. Rxa5 b4 39. Rd2 bxa3 40.
bxa3 Kf7 41. Rd1 Ke6 42. Rb5 f5 43. Ra1 e4 44. a4 Ra7 45. a5 Kd6 46. Rxf5 Kc6
47. Re5 g6 48. Rxe4 Kb5 49. Re8 Rxa5 50. Re5+ Kc6 51. Raxa5 Kd6 52. Reb5 Kc6
53. Rb1 h5 54. Rd1 Kb6 55. Ra2 Kc5 56. Rc2+ Kb4 57. Rb1+ Ka3 58. Rc8 Ka2 59.
Rb5 Ka3 60. Ra8# 1-0

[Event "NAYCC U14"]
[Site "Windsor CAN"]
[Date "2016.08.10"]
[Round "6.80"]
[White "Harichandrabose, Vicknan"]
[Black "Jasniewicz, Adam"]
[Result "1-0"]
[WhiteElo "1210"]
[BlackElo "807"]
[PlyCount "93"]
[EventDate "2016.08.07"]
[EventType "swiss"]
[EventRounds "9"]
[EventCountry "CAN"]

1. e4 e5 2. Nf3 Nc6 3. Bb5 Bc5 4. O-O d6 5. h3 Nf6 6. Re1 O-O 7. c3 d5 8. d4
exd4 9. cxd4 Bb4 10. Bd2 Bxd2 11. Nbxd2 Re8 12. Ne5 Bd7 13. Nxc6 bxc6 14. Bd3
Re6 15. e5 Nh5 16. Qxh5 Rh6 17. Qf3 Qh4 18. Qe3 Re8 19. Nf3 Qh5 20. Qg5 Ree6
21. Bf5 Qxg5 22. Nxg5 Re7 23. Bxd7 Rxd7 24. e6 fxe6 25. Rxe6 Rxe6 26. Nxe6 Re7
27. Nf4 Re4 28. Nh5 Rxd4 29. Rc1 Rd2 30. Rxc6 Rxb2 31. Rxc7 g6 32. Nf6+ Kf8 33.
Nxd5 Rxa2 34. Rxh7 Ra1+ 35. Kh2 a5 36. Ra7 a4 37. Nb4 a3 38. Nc2 Rf1 39. Rxa3
Rxf2 40. Rf3+ Rxf3 41. gxf3 Kf7 42. Kg3 Kf6 43. Kg4 g5 44. Ne3 Kg6 45. Nd5 Kh6
46. Nc3 Kg6 47. Ne4 1-0

[Event "NAYCC U14"]
[Site "Windsor CAN"]
[Date "2016.08.10"]
[Round "6.81"]
[White "Eirew, Milo"]
[Black "Hou, Frank"]
[Result "1/2-1/2"]
[WhiteElo "819"]
[BlackElo "1295"]
[PlyCount "70"]
[EventDate "2016.08.07"]
[EventType "swiss"]
[EventRounds "9"]
[EventCountry "CAN"]

1. e4 c5 2. Nf3 e6 3. Nc3 Nc6 4. d4 cxd4 5. Nxd4 Bc5 6. Be3 Qb6 7. Ncb5 Kf8 8.
c3 e5 9. Nf5 Bxe3 10. Nxe3 a6 11. Nd6 Qxb2 12. Rc1 Qb6 13. Nec4 Qc5 14. Nxc8
Rxc8 15. Qxd7 Rb8 16. Qd6+ Qxd6 17. Nxd6 Nh6 18. Bd3 Ke7 19. Nc4 Rhd8 20. Rd1
b5 21. Ne3 Ke6 22. a3 f6 23. O-O Nf7 24. Be2 Nd6 25. f3 Na5 26. Rd2 Nac4 27.
Nxc4 Nxc4 28. Bxc4+ bxc4 29. Rxd8 Rxd8 30. Rb1 Rd6 31. Rb4 Rd1+ 32. Kf2 Rd2+
33. Kg3 Ra2 34. Rb6+ Kf7 35. Rxa6 Rc2 1/2-1/2

[Event "NAYCC U14"]
[Site "Windsor CAN"]
[Date "2016.08.10"]
[Round "6.82"]
[White "Butchart, Brian"]
[Black "Zaid, Shahmeer"]
[Result "1/2-1/2"]
[WhiteElo "1177"]
[BlackElo "820"]
[PlyCount "32"]
[EventDate "2016.08.07"]
[EventType "swiss"]
[EventRounds "9"]
[EventCountry "CAN"]

1. e4 e5 2. Nf3 Nc6 3. Bc4 Nf6 4. d3 Bc5 5. c3 O-O 6. O-O h6 7. Re1 Re8 8. Nbd2
d5 9. exd5 Nxd5 10. Ne4 Bb6 11. Bxh6 Be6 12. Bc1 Qd7 13. Bxd5 Bxd5 14. Be3 Bxe3
15. Rxe3 Rad8 16. Qe2 f6 1/2-1/2

[Event "NAYCC U14"]
[Site "Windsor CAN"]
[Date "2016.08.10"]
[Round "6.83"]
[White "Liu, Benjamin"]
[Black "Periappuram, Jacob"]
[Result "1-0"]
[WhiteElo "982"]
[BlackElo "873"]
[PlyCount "85"]
[EventDate "2016.08.07"]
[EventType "swiss"]
[EventRounds "9"]
[EventCountry "CAN"]

1. d4 d5 2. c4 c6 3. Nf3 Bf5 4. g3 Nf6 5. Nbd2 h6 6. Bg2 Qd7 7. O-O Bh3 8. Qc2
Bxg2 9. Kxg2 e6 10. Re1 c5 11. dxc5 Bxc5 12. cxd5 Qxd5 13. e4 Qc6 14. Nb3 Nbd7
15. Be3 b6 16. Rac1 Nxe4 17. Bxc5 Nexc5 18. Nxc5 Nxc5 19. b4 Rc8 20. bxc5 bxc5
21. Re5 Rd8 22. Rxc5 Qb7 23. Rc7 Qd5 24. Rc8 O-O 25. Rxd8 Rxd8 26. Qc7 Rd7 27.
Qb8+ Kh7 28. Rc7 Rd8 29. Qxa7 Kg6 30. Rxf7 e5 31. Rxg7+ Kf5 32. Qf7+ Ke4 33.
Qxd5+ Kxd5 34. Nxe5 Kxe5 35. Ra7 Kd6 36. Ra6+ Kc7 37. Rxh6 Ra8 38. g4 Rxa2 39.
g5 Kd8 40. g6 Ra6 41. g7 Rxh6 42. g8=Q+ Kc7 43. Qg7+ 1-0